[Event "DVM U12 2011"]
[Site "Arendsee (Altmark) GER"]
[Date "2011.12.30"]
[Round "7"]
[White "Martin, Julian"]
[Black "Schmitz, Fabian"]
[Result "1-0"]
[Termination "normal"]
[Board "3.3"]
[WhiteElo "1576"]
[BlackElo "1287"]
[WhiteTeam "SF Sasbach"]
[BlackTeam "Verein f.S.u.F. Düsseldorf"]
[WhiteFideId "12941000"]
[BlackFideId "12965006"]
[EventCountry "GER"]
[EventRounds "7"]
[EventType "team-swiss"]
[EventDate "2011.12.26"]

1. e4 e6 2. d4 d5 3. Nd2 c5 4. c3 Nc6 5. Ngf3 Qb6 6. exd5 exd5 7. Nb3 cxd4 8.
Nfxd4 Nxd4 9. Nxd4 a6 10. Nb3 Nf6 11. Be3 Qe6 12. Nd4 Qd7 13. Bd3 Bd6 14. O-O
O-O 15. Re1 Qc7 16. h3 Ne4 17. Qc2 Re8 18. Bg5 f5 19. f3 Bh2+ 20. Kh1 Ng3+ 21.
Kxh2 Rxe1 22. Rxe1 Ne4+ 23. Kg1 Nxg5 24. Bxf5 Qg3 25. Re8+ Kf7 26. Rxc8 Rxc8
27. Bxc8 Qe1+ 28. Kh2 Qe5+ 29. f4 Qxf4+ 30. g3 Qf1 31. Qf5+ Qxf5 32. Bxf5 1-0

[Event "DVM U12 2011"]
[Site "Arendsee (Altmark) GER"]
[Date "2011.12.30"]
[Round "7"]
[White "Gula, Julian"]
[Black "Toptschiev, David"]
[Result "0-1"]
[Termination "normal"]
[Board "3.4"]
[WhiteElo "899"]
[BlackElo "1215"]
[WhiteTeam "Verein f.S.u.F. Düsseldorf"]
[BlackTeam "SF Sasbach"]
[WhiteFideId "12954799"]
[BlackFideId "12968005"]
[EventCountry "GER"]
[EventRounds "7"]
[EventType "team-swiss"]
[EventDate "2011.12.26"]

1. e4 e5 2. Nf3 Nc6 3. Bc4 Bc5 4. d3 d6 5. O-O Bg4 6. c3 h6 7. h3 Bh5 8. Re1
Nf6 9. Nbd2 Qd7 10. b4 Bb6 11. a4 a5 12. b5 Ne7 13. Nf1 Ng6 14. Ng3 Bxf3 15.
Qxf3 Nh4 16. Qd1 O-O 17. Ba3 Rac8 18. Qd2 c6 19. Rab1 c5 20. Bd5 Nxd5 21. exd5
Rfe8 22. c4 f5 23. f4 Ng6 24. Nh5 Qf7 25. g3 Nh4 26. gxh4 Qxh5 27. Qf2 Bd8 28.
Qg2 Bxh4 29. Rf1 b6 30. Rb3 e4 31. Bb2 Rc7 32. Kh2 e3 33. Bc3 e2 34. Re1 Bxe1
35. Bxe1 g5 36. Rb2 Kh7 37. fxg5 hxg5 38. Kg1 f4 39. Qg4 Qxg4+ 40. hxg4 Rf7 41.
Kf2 f3 42. Bc3 Rf4 43. Rb1 Rxg4 44. Rh1+ Kg6 45. Kxf3 Rh4 46. Rg1 Rf4+ 47. Kg2
Rg4+ 48. Kf2 Rxg1 49. Kxg1 e1=Q+ 50. Bxe1 Rxe1+ 0-1

[Event "DVM U12 2011"]
[Site "Arendsee (Altmark) GER"]
[Date "2011.12.30"]
[Round "7"]
[White "Böhning, Kilian"]
[Black "Pysmennyy, Illya"]
[Result "1-0"]
[Termination "normal"]
[Board "4.1"]
[WhiteElo "1738"]
[BlackElo "1368"]
[WhiteTeam "Hagener SV"]
[BlackTeam "PSC Hannover"]
[WhiteFideId "1270499"]
[EventCountry "GER"]
[EventRounds "7"]
[EventType "team-swiss"]
[EventDate "2011.12.26"]

1. e4 e5 2. Bc4 Nf6 3. d3 d5 4. exd5 Nxd5 5. Nf3 Nc6 6. O-O Bg4 7. Be3 Qd7 8.
h3 Bxf3 9. Qxf3 O-O-O 10. Nc3 Nf6 11. Bb5 Kb8 12. a4 a6 13. Bxc6 Qxc6 14. Qxc6
bxc6 15. f3 Nd5 16. Bf2 Bb4 17. Ne4 f6 18. g3 Be7 19. Nc5 Bxc5 20. Bxc5 h5 21.
a5 Rhe8 22. Ra4 g5 23. Kf2 h4 24. gxh4 gxh4 25. Rxh4 Rh8 26. Rxh8 Rxh8 27. Rh1
Rh7 28. h4 Nf4 29. Be3 Ng6 30. h5 Ne7 31. f4 Nf5 1-0

[Event "DVM U12 2011"]
[Site "Arendsee (Altmark) GER"]
[Date "2011.12.30"]
[Round "7"]
[White "Gisy, Gianna"]
[Black "Balazs, Balint"]
[Result "0-1"]
[Termination "normal"]
[Board "4.2"]
[WhiteElo "1329"]
[BlackElo "1670"]
[WhiteTeam "PSC Hannover"]
[BlackTeam "Hagener SV"]
[BlackFideId "12922757"]
[EventCountry "GER"]
[EventRounds "7"]
[EventType "team-swiss"]
[EventDate "2011.12.26"]

1. e4 e6 2. d4 d5 3. e5 c5 4. c3 Qb6 5. Nf3 Bd7 6. a3 Bb5 7. Be2 Bxe2 8. Qxe2
Qa6 9. Qxa6 Nxa6 10. O-O Ne7 11. Be3 Nc6 12. b4 cxb4 13. axb4 Nc7 14. Rc1 Be7
15. Bg5 Bxg5 16. Nxg5 h6 17. Nh3 Kd7 18. Nf4 Rhc8 19. Nh5 Ne8 20. Nd2 a6 21.
Rcb1 g6 22. Nf4 Nc7 23. Nd3 Nb5 24. Nc5+ Kc7 25. Na4 b6 26. Rc1 Kb7 27. Nf3 Rc7
28. Nb2 Rac8 29. c4 Nbxd4 30. Nxd4 Nxd4 31. Rd1 Nc2 32. Ra4 dxc4 0-1

[Event "DVM U12 2011"]
[Site "Arendsee (Altmark) GER"]
[Date "2011.12.30"]
[Round "7"]
[White "Laubrock, Paul"]
[Black "Gisy, Gemma"]
[Result "1-0"]
[Termination "normal"]
[Board "4.3"]
[WhiteElo "1676"]
[BlackElo "1062"]
[WhiteTeam "Hagener SV"]
[BlackTeam "PSC Hannover"]
[WhiteFideId "1270509"]
[EventCountry "GER"]
[EventRounds "7"]
[EventType "team-swiss"]
[EventDate "2011.12.26"]

1. d4 Nf6 2. Bf4 e6 3. f3 d5 4. e3 Be7 5. Nc3 O-O 6. Qd2 a6 7. O-O-O b6 8. g4
c5 9. h4 Nc6 10. h5 Nd7 11. Nh3 e5 12. dxe5 d4 13. exd4 Nxd4 14. Bg2 Bb7 15. g5
Bc6 16. Rhf1 Ne6 17. Be3 Nxe5 18. Qe2 Nd7 19. f4 Bxg2 20. Qxg2 Ra7 21. f5 Nd4
22. f6 Bd6 23. g6 Nxf6 24. Bg5 fxg6 25. hxg6 hxg6 26. Bxf6 Rxf6 27. Qd5+ Kf8
28. Ne4 Be7 29. Nxf6 gxf6 30. Qxd8+ Bxd8 31. Nf4 Kf7 32. c3 g5 33. cxd4 gxf4
34. dxc5 1-0

[Event "DVM U12 2011"]
[Site "Arendsee (Altmark) GER"]
[Date "2011.12.30"]
[Round "7"]
[White "Phunhon Lopez, Daniel Alejandro"]
[Black "Hoppe, Andreas"]
[Result "0-1"]
[Termination "normal"]
[Board "4.4"]
[WhiteElo "1083"]
[BlackElo "1411"]
[WhiteTeam "PSC Hannover"]
[BlackTeam "Hagener SV"]
[WhiteFideId "12952567"]
[BlackFideId "12922811"]
[EventCountry "GER"]
[EventRounds "7"]
[EventType "team-swiss"]
[EventDate "2011.12.26"]

1. e4 e6 2. d4 d5 3. e5 c5 4. c3 Qb6 5. Nf3 Bd7 6. a3 Bb5 7. Bxb5+ Qxb5 8. b4
cxb4 9. axb4 Nc6 10. Be3 Nge7 11. Nbd2 Nf5 12. Bf4 Be7 13. Nb3 a6 14. Qd2 Nxb4
15. Ra5 Nd3+ 16. Kd1 Qxb3+ 17. Ke2 Nxf4+ 18. Qxf4 Qc2+ 19. Nd2 Qxc3 20. Raa1
Nxd4+ 21. Ke1 Qxa1+ 22. Nb1 Qxb1+ 23. Kd2 Bb4+ 24. Ke3 Nf5+ 25. Ke2 Qc2+ 26.
Kf3 Qd3+ 27. Kg4 h5+ 28. Kg5 Be7# 0-1

[Event "DVM U12 2011"]
[Site "Arendsee (Altmark) GER"]
[Date "2011.12.30"]
[Round "7"]
[White "Gungl, Theo"]
[Black "Renger, Niklas"]
[Result "1/2-1/2"]
[Termination "normal"]
[Board "5.1"]
[WhiteElo "1781"]
[BlackElo "1499"]
[WhiteTeam "USV TU Dresden"]
[BlackTeam "SG GW Dresden"]
[WhiteFideId "24695653"]
[BlackFideId "12908096"]
[EventCountry "GER"]
[EventRounds "7"]
[EventType "team-swiss"]
[EventDate "2011.12.26"]

1. e4 c5 2. Nf3 d6 3. d4 cxd4 4. Nxd4 Nf6 5. Nc3 g6 6. Be3 Bg7 7. f3 O-O 8. Qd2
Nc6 9. O-O-O d5 10. Nxc6 bxc6 11. Be2 Qa5 12. Kb1 Re8 13. exd5 Rb8 14. b3 Rd8
15. Ne4 Qa3 16. Qc1 Qxc1+ 17. Kxc1 cxd5 18. Nxf6+ Bxf6 19. h4 d4 20. Bf2 a5 21.
h5 a4 22. hxg6 hxg6 23. Bc4 axb3 24. axb3 Bf5 25. g4 Bc8 26. Kd2 Bb7 27. Ke2
Bd5 28. Bxd5 Rxd5 29. f4 Rc8 30. Rd2 Rdc5 31. Rc1 e5 32. g5 Bg7 33. b4 Rb5 34.
Rb1 Rcb8 35. fxe5 Rxe5+ 36. Kf1 Reb5 37. Bxd4 Rxb4 38. Rxb4 Rxb4 39. Bxg7 Kxg7
40. Rg2 1/2-1/2

[Event "DVM U12 2011"]
[Site "Arendsee (Altmark) GER"]
[Date "2011.12.30"]
[Round "7"]
[White "Sack, Carl-Anton"]
[Black "Scholz, Robert"]
[Result "0-1"]
[Termination "normal"]
[Board "5.2"]
[WhiteElo "1487"]
[BlackElo "1776"]
[WhiteTeam "SG GW Dresden"]
[BlackTeam "USV TU Dresden"]
[WhiteFideId "1270309"]
[BlackFideId "1270301"]
[EventCountry "GER"]
[EventRounds "7"]
[EventType "team-swiss"]
[EventDate "2011.12.26"]

1. e4 c5 2. Nf3 Nc6 3. d4 cxd4 4. Nxd4 e5 5. Nb5 d6 6. N1c3 a6 7. Na3 Be7 8.
Nc4 b5 9. Ne3 Nf6 10. Ned5 O-O 11. Nxf6+ Bxf6 12. Nd5 Bg5 13. Bd3 Be6 14. O-O
Bxc1 15. Rxc1 Bxd5 16. exd5 Ne7 17. Re1 f5 18. c4 bxc4 19. Bxc4 f4 20. Rc3 Nf5
21. Bd3 Nd4 22. Qh5 h6 23. Qg6 Rc8 24. Qh7+ Kf7 25. Qg6+ Kg8 26. Rxc8 Qxc8 27.
Qxd6 Qg4 28. Qg6 Nf3+ 29. Kh1 Qxg6 30. Bxg6 Nxe1 31. Kg1 Rc8 32. d6 f3 33. gxf3
Nxf3+ 34. Kg2 Nh4+ 0-1

[Event "DVM U12 2011"]
[Site "Arendsee (Altmark) GER"]
[Date "2011.12.30"]
[Round "7"]
[White "Schamschurko, André"]
[Black "Michel, Richard"]
[Result "1-0"]
[Termination "normal"]
[Board "5.3"]
[WhiteElo "1738"]
[BlackElo "1596"]
[WhiteTeam "USV TU Dresden"]
[BlackTeam "SG GW Dresden"]
[WhiteFideId "24695670"]
[BlackFideId "1270310"]
[EventCountry "GER"]
[EventRounds "7"]
[EventType "team-swiss"]
[EventDate "2011.12.26"]

1. e4 c5 2. Nc3 Nc6 3. Bb5 Nd4 4. Bc4 e6 5. Nge2 g6 6. d3 Bg7 7. O-O Ne7 8. Re1
O-O 9. Nxd4 cxd4 10. Ne2 Nc6 11. f4 d6 12. Ng3 a6 13. Qf3 b5 14. Bb3 a5 15. a4
Ba6 16. Nf1 Rc8 17. g4 b4 18. g5 Qe7 19. h4 Nb8 20. h5 Nd7 21. Qh3 Nc5 22. e5
dxe5 23. fxe5 Nxb3 24. cxb3 Qc5 25. Bf4 Qc2 26. Rad1 Qxb3 27. Nh2 Qxb2 28. Ng4
Rc3 29. Nf6+ Bxf6 30. gxf6 Qb3 31. Bh6 Rxd3 32. Rxd3 Bxd3 33. Bxf8 Kxf8 34.
hxg6 fxg6 35. Qxh7 Ke8 36. Qe7# 1-0

[Event "DVM U12 2011"]
[Site "Arendsee (Altmark) GER"]
[Date "2011.12.30"]
[Round "7"]
[White "Schuler, Max"]
[Black "Abdurakhimov, Peter"]
[Result "0-1"]
[Termination "normal"]
[Board "5.4"]
[WhiteElo "1212"]
[BlackElo "1394"]
[WhiteTeam "SG GW Dresden"]
[BlackTeam "USV TU Dresden"]
[WhiteFideId "12964913"]
[BlackFideId "12979694"]
[EventCountry "GER"]
[EventRounds "7"]
[EventType "team-swiss"]
[EventDate "2011.12.26"]

1. c4 e5 2. Nc3 Nc6 3. Nf3 f5 4. d3 Nf6 5. Qc2 Bb4 6. Bd2 Bxc3 7. Bxc3 d6 8. e3
O-O 9. Be2 Qe8 10. O-O Bd7 11. Rab1 Qg6 12. Kh1 Rac8 13. Rbd1 Ng4 14. b4 e4 15.
Nd2 f4 16. exf4 e3 17. Ne4 exf2 18. Bxg4 Bxg4 19. Rd2 Rxf4 20. Rdxf2 Rxf2 21.
Qxf2 h6 22. b5 Ne5 23. Bxe5 dxe5 24. a4 b6 25. Qg3 Bh5 26. Qxg6 Bxg6 27. Re1
Rd8 0-1

[Event "DVM U12 2011"]
[Site "Arendsee (Altmark) GER"]
[Date "2011.12.30"]
[Round "7"]
[White "Buckels, Valentin"]
[Black "Kania, Markus"]
[Result "1-0"]
[Termination "normal"]
[Board "6.1"]
[WhiteElo "1685"]
[BlackElo "1646"]
[WhiteTeam "SK Turm Kleve"]
[BlackTeam "MTV 1876 Saalfeld"]
[WhiteFideId "12942766"]
[BlackFideId "12903736"]
[EventCountry "GER"]
[EventRounds "7"]
[EventType "team-swiss"]
[EventDate "2011.12.26"]

1. d4 Nf6 2. c4 g6 3. Nf3 Bg7 4. g3 O-O 5. Bg2 d6 6. O-O Nbd7 7. Nc3 e5 8. e4
Ne8 9. Re1 Qe7 10. Be3 f5 11. exf5 gxf5 12. Bg5 Bf6 13. Nd5 Qg7 14. Bxf6 Ndxf6
15. Nxf6+ Nxf6 16. dxe5 dxe5 17. Nxe5 Rb8 18. Qd4 a6 19. Qa7 Be6 20. Nc6 Ra8
21. Qc5 Rae8 22. Nd4 b6 23. Qa3 Bxc4 24. Nxf5 Qd7 25. Ne7+ Kf7 26. Bc6 Qh3 27.
Bxe8+ Rxe8 28. f3 Qd7 29. Rad1 Qb5 30. Re3 c5 31. Nf5 Qc6 32. Nd6+ 1-0

[Event "DVM U12 2011"]
[Site "Arendsee (Altmark) GER"]
[Date "2011.12.30"]
[Round "7"]
[White "Quandt, Franz Edmund"]
[Black "Richter, Fabian"]
[Result "0-1"]
[Termination "normal"]
[Board "6.2"]
[WhiteElo "1095"]
[BlackElo "1063"]
[WhiteTeam "MTV 1876 Saalfeld"]
[BlackTeam "SK Turm Kleve"]
[EventCountry "GER"]
[EventRounds "7"]
[EventType "team-swiss"]
[EventDate "2011.12.26"]

1. d4 d5 2. e3 Nf6 3. Bd3 Nc6 4. c3 e6 5. f4 Bd6 6. Nf3 O-O 7. O-O b6 8. Ne5
Bxe5 9. fxe5 Nd7 10. Qf3 Qe7 11. e4 Bb7 12. exd5 Nd8 13. Qh3 g6 14. Qh6 Bxd5
15. Bg5 f6 16. exf6 Nxf6 17. Qh4 Kg7 18. Rxf6 Rxf6 19. Qh6+ Kg8 20. Bxf6 Qxf6
21. Nd2 Nf7 22. Qe3 Re8 23. Rf1 Qe7 24. a3 Qg5 25. Qf2 Nd6 26. c4 Bc6 27. g3
Qe7 28. c5 Nf7 29. Be4 Bb5 30. Re1 Ng5 31. cxb6 Nh3+ 32. Kg2 Nxf2 33. Kxf2 Rf8+
34. Kg2 axb6 35. Nf3 Qf6 36. Re3 g5 37. g4 h5 38. h3 Qf4 39. Re1 hxg4 40. hxg4
Qxg4+ 41. Kf2 Qf4 42. d5 e5 0-1

[Event "DVM U12 2011"]
[Site "Arendsee (Altmark) GER"]
[Date "2011.12.30"]
[Round "7"]
[White "Habersetzer, Marc"]
[Black "Dührkop, Jasmin"]
[Result "1-0"]
[Termination "normal"]
[Board "6.3"]
[WhiteElo "1075"]
[BlackElo "1135"]
[WhiteTeam "SK Turm Kleve"]
[BlackTeam "MTV 1876 Saalfeld"]
[BlackFideId "16270509"]
[EventCountry "GER"]
[EventRounds "7"]
[EventType "team-swiss"]
[EventDate "2011.12.26"]

1. e4 e5 2. Nf3 Nc6 3. Bc4 Bc5 4. Nc3 Nf6 5. d3 O-O 6. O-O d6 7. Bg5 Re8 8. Nd5
Re6 9. Nxf6+ Rxf6 10. Bxf6 Qxf6 11. h3 Nd4 12. Nxd4 Bxd4 13. c3 Bb6 14. b4 Bd7
15. a4 c6 16. Qd2 Qg6 17. Kh1 Qf6 18. f4 Qe7 19. fxe5 dxe5 20. Rxf7 Qxf7 21.
Bxf7+ Kxf7 22. a5 Bd8 23. Qf2+ Bf6 24. d4 Ke7 25. dxe5 Bxe5 26. Qh4+ Bf6 27.
Qxh7 Bxc3 28. Rc1 Be5 29. Rc5 Ke6 30. Qg6+ Bf6 31. e5 Be8 32. Qg4+ Kf7 33. exf6
gxf6 34. h4 Rd8 35. h5 Ke7 36. h6 Bf7 37. Qg7 Rg8 38. Qh7 Rf8 39. Qe4+ Be6 40.
h7 Rh8 41. Rf5 Kf7 42. Rxf6+ Kxf6 43. Qd4+ Kf7 44. Qxh8 Bf5 45. Qg8+ Ke7 46.
h8=Q Be6 47. Qhg7+ Kd6 48. Qd4+ Ke7 49. Qgg7+ Bf7 50. Qde5+ 1-0

[Event "DVM U12 2011"]
[Site "Arendsee (Altmark) GER"]
[Date "2011.12.30"]
[Round "7"]
[White "Rauch, Marie-Louise"]
[Black "Verfürth, Kevin"]
[Result "0-1"]
[Termination "normal"]
[Board "6.4"]
[WhiteElo "1029"]
[BlackElo "1086"]
[WhiteTeam "MTV 1876 Saalfeld"]
[BlackTeam "SK Turm Kleve"]
[WhiteFideId "16217500"]
[BlackFideId "12954829"]
[EventCountry "GER"]
[EventRounds "7"]
[EventType "team-swiss"]
[EventDate "2011.12.26"]

1. e4 d5 2. exd5 Qxd5 3. Nc3 Qa5 4. Nf3 Nf6 5. Bc4 Bg4 6. h3 Bh5 7. d3 e6 8.
Bd2 c6 9. a3 Qc7 10. Bg5 Be7 11. Qe2 Qd6 12. Qe3 Nbd7 13. O-O O-O 14. b4 Bd8
15. Bf4 Qe7 16. Ne5 Nxe5 17. Qxe5 Rc8 18. Bg5 h6 19. Be3 a6 20. Qg3 Bc7 21. Bf4
Bxf4 22. Qxf4 Qc7 23. Qxc7 Rxc7 24. Rfe1 Rd8 25. Rac1 Rcd7 26. Ne4 Nxe4 27.
Rxe4 Rd4 28. Rce1 Rxe4 29. Rxe4 Kf8 30. g4 Bg6 31. Re5 Rd4 32. Re3 h5 33. Rg3
hxg4 34. Rxg4 Rxg4+ 35. hxg4 Ke7 36. f4 Kf6 37. Kf2 Bh7 38. Ba2 g5 39. Kf3 gxf4
40. Kxf4 e5+ 41. Kf3 Ke7 42. Ke3 f5 43. gxf5 Bxf5 44. c4 Be6 45. d4 exd4+ 46.
Kxd4 Kd7 47. Bb1 Kc7 48. Bd3 b5 49. cxb5 cxb5 50. Bxb5 axb5 51. Kc5 Bd7 52. Kd5
Kb6 53. Kd6 Bg4 54. Kd5 Be2 55. Kd4 Kc6 56. Kc3 Kd5 57. Kb3 Kd4 58. Kc2 Kc4 59.
Kb2 Bd1 60. Kc1 Bb3 61. Kb2 Ba4 62. Ka2 Kc3 63. Kb1 Kb3 64. Ka1 Kxa3 65. Kb1
Kxb4 66. Kb2 Bd1 67. Kc1 Kb3 68. Kb1 Bh5 69. Ka1 Kc2 70. Ka2 b4 71. Ka1 Be8 72.
Ka2 b3+ 0-1

[Event "DVM U12 2011"]
[Site "Arendsee (Altmark) GER"]
[Date "2011.12.30"]
[Round "7"]
[White "Saive, Philipp"]
[Black "Wichmann, Adrian"]
[Result "1/2-1/2"]
[Termination "normal"]
[Board "7.1"]
[WhiteElo "1177"]
[BlackElo "1694"]
[WhiteTeam "SC 1997 Lambsheim"]
[BlackTeam "SV Seubelsdorf"]
[WhiteFideId "16274792"]
[BlackFideId "12904708"]
[EventCountry "GER"]
[EventRounds "7"]
[EventType "team-swiss"]
[EventDate "2011.12.26"]

1. d4 c5 2. d5 e5 3. e4 d6 4. Nf3 Bg4 5. Bd2 Be7 6. Be2 Bxf3 7. Bxf3 Bg5 8. Bc3
Na6 9. Nd2 Ne7 10. O-O f5 11. Nc4 b5 12. Ne3 f4 13. Ng4 b4 14. Bxe5 dxe5 15.
Nxe5 Nc8 16. Bg4 Bf6 17. Nc6 Qd6 18. Rb1 Nc7 19. Re1 Be5 20. Bxc8 Rxc8 21. Qh5+
Kf8 22. Qxe5 Qxe5 23. Nxe5 Ke7 24. Nd3 g5 25. Nxc5 Kd6 26. Nd3 a5 27. f3 Nb5
28. Rbc1 Rc7 29. Red1 Rhc8 30. Ne1 Ke5 31. Rd2 a4 32. Nd3+ Kd6 33. Nxb4 a3 34.
b3 Nc3 35. Kf2 g4 36. Ra1 Rg7 37. Nd3 1/2-1/2

[Event "DVM U12 2011"]
[Site "Arendsee (Altmark) GER"]
[Date "2011.12.30"]
[Round "7"]
[White "Kolb, Verena"]
[Black "Tepper, Oliver"]
[Result "0-1"]
[Termination "normal"]
[Board "7.2"]
[WhiteElo "964"]
[BlackElo "1098"]
[WhiteTeam "SV Seubelsdorf"]
[BlackTeam "SC 1997 Lambsheim"]
[WhiteFideId "12992313"]
[EventCountry "GER"]
[EventRounds "7"]
[EventType "team-swiss"]
[EventDate "2011.12.26"]

1. e4 e5 2. Nf3 Nc6 3. Bb5 Nf6 4. Bxc6 dxc6 5. O-O Bg4 6. d4 exd4 7. Qxd4 Bxf3
8. Qxd8+ Rxd8 9. gxf3 Bb4 10. c3 Bc5 11. e5 Nd5 12. Re1 O-O 13. Bg5 Be7 14.
Bxe7 Nxe7 15. Na3 Ng6 16. Re4 Rfe8 17. Rae1 Rd5 18. f4 Nh4 19. Nc4 Nf3+ 20. Kg2
Nxe1+ 21. Rxe1 b5 22. Ne3 Rd2 23. Nd1 f6 24. a3 Red8 25. Ne3 Rxb2 26. c4 Ra2
27. cxb5 cxb5 28. Rc1 Rc8 29. Nd5 Kf7 30. Rc6 Rxa3 31. exf6 gxf6 32. Rxf6+ Kg7
33. Re6 Rd3 34. Re7+ Kh8 35. Nxc7 Rg8+ 36. Kf1 Rg7 37. Re8+ Rg8 38. Re5 Rdd8
39. Nxb5 Rde8 40. Nxa7 Rxe5 41. fxe5 Re8 42. f4 Rf8 43. Nc6 Rxf4+ 44. Ke2 Rc4
45. Nb8 Re4+ 46. Kf3 Rxe5 47. Nd7 Rh5 48. Kg3 Kg7 49. h4 Rd5 50. Nb6 Rd4 51.
Nc8 h5 52. Ne7 Kf6 53. Ng8+ Kf5 54. Nh6+ Kg6 55. Ng8 Rd7 56. Kf4 Rg7 57. Kg3
Rxg8 58. Kh3 Kf5 59. Kh2 Rg4 60. Kh3 Kf4 61. Kh2 Kf3 62. Kh3 Kf2 63. Kh2 Rxh4#
0-1

[Event "DVM U12 2011"]
[Site "Arendsee (Altmark) GER"]
[Date "2011.12.30"]
[Round "7"]
[White "Wacker, Felix"]
[Black "Werner, Sebastian"]
[Result "1/2-1/2"]
[Termination "normal"]
[Board "7.3"]
[WhiteElo "1073"]
[BlackElo "1043"]
[WhiteTeam "SC 1997 Lambsheim"]
[BlackTeam "SV Seubelsdorf"]
[WhiteFideId "12953040"]
[EventCountry "GER"]
[EventRounds "7"]
[EventType "team-swiss"]
[EventDate "2011.12.26"]

1. e4 c5 2. Nf3 Nc6 3. Bb5 g6 4. Bxc6 bxc6 5. O-O Bg7 6. d3 Nf6 7. Be3 Ng4 8.
d4 Nxe3 9. fxe3 cxd4 10. exd4 c5 11. c3 Ba6 12. Rf2 O-O 13. Nbd2 Qb6 14. Nb3
cxd4 15. cxd4 Rac8 16. Nc5 Bb5 17. Na4 Qc6 18. Nc3 Rb8 19. Nd5 Qe6 20. Ng5 Qd6
21. Nf3 e6 22. Nc3 f5 23. e5 Qb6 24. Na4 Qc6 25. Nc5 Rfe8 26. Nb3 d6 27. Rc1
1/2-1/2

[Event "DVM U12 2011"]
[Site "Arendsee (Altmark) GER"]
[Date "2011.12.30"]
[Round "7"]
[White "Wiemann, Daniel"]
[Black "Dalchow, Jonas"]
[Result "0-1"]
[Termination "normal"]
[Board "7.4"]
[WhiteElo "1047"]
[BlackElo "1088"]
[WhiteTeam "SV Seubelsdorf"]
[BlackTeam "SC 1997 Lambsheim"]
[WhiteFideId "12942944"]
[BlackFideId "12971251"]
[EventCountry "GER"]
[EventRounds "7"]
[EventType "team-swiss"]
[EventDate "2011.12.26"]

1. e4 e5 2. Nf3 Nc6 3. Bc4 Bc5 4. d3 h6 5. c3 Nf6 6. Be3 Bxe3 7. fxe3 O-O 8.
Nbd2 d5 9. exd5 Nxd5 10. Bxd5 Qxd5 11. Nb3 Rd8 12. Nc1 e4 13. Nd4 Nxd4 14. cxd4
exd3 15. Qxd3 Qxg2 16. Qf1 Qxb2 17. Qc4 Be6 18. Qd3 Qxa1 19. Qc2 Bf5 20. Qd2
Qb1 21. Rf1 Qe4 22. Rf4 Qe6 23. Nb3 Bg6 24. Nc5 Qd5 25. e4 Qxd4 26. Qxd4 Rxd4
27. Ke2 b6 28. Nd3 Rxe4+ 29. Rxe4 Bxe4 30. Nf2 Re8 31. Kd2 Bd5 32. Kc3 Bxa2 33.
Nd1 f5 34. Nb2 f4 35. Nd3 f3 36. h4 Rf8 37. Kd2 f2 38. Nxf2 Rxf2+ 39. Ke1 Rf8
40. Kd2 g5 41. hxg5 hxg5 42. Kc2 g4 43. Kb2 g3 44. Kxa2 g2 45. Kb3 g1=Q 46. Ka2
Qc5 47. Kb3 Rf4 48. Ka2 Qb5 49. Ka3 Ra4# 0-1

[Event "DVM U12 2011"]
[Site "Arendsee (Altmark) GER"]
[Date "2011.12.30"]
[Round "7"]
[White "Meier, Lukas"]
[Black "Schröter, Ron"]
[Result "0-1"]
[Termination "normal"]
[Board "8.1"]
[WhiteElo "1006"]
[BlackElo "1491"]
[WhiteTeam "SV Oberursel"]
[BlackTeam "SG Porz"]
[BlackFideId "12941727"]
[EventCountry "GER"]
[EventRounds "7"]
[EventType "team-swiss"]
[EventDate "2011.12.26"]

1. Nf3 d5 2. e3 Nf6 3. Nc3 Bg4 4. Be2 Bxf3 5. Bxf3 e5 6. d3 c6 7. O-O Bd6 8. e4
d4 9. Ne2 O-O 10. Bg5 Nbd7 11. c3 c5 12. c4 Qb6 13. Bxf6 Nxf6 14. b3 Qc7 15.
Ng3 g6 16. Ne2 a6 17. a4 Qb6 18. Ra2 Qc6 19. Rb2 b5 20. Nc1 Rab8 21. Na2 bxa4
22. Qc2 axb3 23. Rxb3 Qa4 24. Rfb1 Rxb3 25. Rxb3 Kg7 26. Bd1 Qa5 27. g3 Nd7 28.
Qb1 Rb8 29. Rxb8 Bxb8 30. Bg4 Nf6 31. Bd1 Bc7 32. Nc1 Qe1+ 33. Kg2 Qxd1 34. Qb2
Qa4 35. Nb3 Qb4 36. Qa2 a5 37. h4 a4 38. Nxc5 Qxc5 39. Qxa4 h5 40. Qd1 Ng4 41.
Qe1 Qa5 0-1

[Event "DVM U12 2011"]
[Site "Arendsee (Altmark) GER"]
[Date "2011.12.30"]
[Round "7"]
[White "Ramien, David"]
[Black "Rogalski, Maximilian"]
[Result "1-0"]
[Termination "normal"]
[Board "8.2"]
[WhiteElo "1450"]
[BlackElo "1010"]
[WhiteTeam "SG Porz"]
[BlackTeam "SV Oberursel"]
[WhiteFideId "12948241"]
[EventCountry "GER"]
[EventRounds "7"]
[EventType "team-swiss"]
[EventDate "2011.12.26"]

1. e4 e5 2. Nf3 Nc6 3. Bb5 Bc5 4. Nxe5 Nxe5 5. d4 Bxd4 6. Qxd4 Qf6 7. Be3 Nc6
8. Bxc6 dxc6 9. Nc3 Ne7 10. Qxf6 gxf6 11. O-O-O Bd7 12. Bd4 Ng8 13. f4 O-O-O
14. Rd2 h6 15. Rhd1 Bg4 16. Re1 Rh7 17. h3 Be6 18. b3 f5 19. e5 Ne7 20. Red1
Rhh8 21. Rg1 Rhg8 22. Na4 b6 23. Nc3 Nd5 24. Ne2 Nb4 25. a3 Nd5 26. g3 Kb7 27.
Bf2 f6 28. Nd4 Rde8 29. Nxe6 Rxe6 30. Bd4 c5 31. c4 Rc6 32. cxd5 cxd4+ 33.
dxc6+ Kxc6 34. Rxd4 Kc5 35. Rd7 Kc6 36. Rf7 fxe5 37. Rxf5 exf4 38. Rxf4 Rg7 39.
Rf6+ Kc5 40. Rxh6 c6 1-0

[Event "DVM U12 2011"]
[Site "Arendsee (Altmark) GER"]
[Date "2011.12.30"]
[Round "7"]
[White "Spierling, Maximilian"]
[Black "Kagan, Dennis"]
[Result "0-1"]
[Termination "normal"]
[Board "8.3"]
[WhiteElo "1102"]
[BlackElo "1151"]
[WhiteTeam "SV Oberursel"]
[BlackTeam "SG Porz"]
[BlackFideId "12983578"]
[EventCountry "GER"]
[EventRounds "7"]
[EventType "team-swiss"]
[EventDate "2011.12.26"]

1. e4 c5 2. Nf3 d6 3. Bc4 e6 4. d3 g6 5. O-O Bg7 6. c3 Ne7 7. Nbd2 O-O 8. h3
Nbc6 9. Re1 Qc7 10. Nf1 a6 11. Ng3 b5 12. Bb3 Na5 13. Bc2 Bd7 14. b4 cxb4 15.
cxb4 Bxa1 16. bxa5 Bg7 17. Be3 Rac8 18. Bb3 Qxa5 19. Bd2 Bc3 20. Bxc3 Qxc3 21.
Re3 Qc1 22. Qxc1 Rxc1+ 23. Kh2 a5 24. a3 Rfc8 25. d4 a4 26. Ba2 R1c2 27. Re2
Rxe2 28. Nxe2 Rc2 29. Nc3 Rxc3 30. Bb1 Rxa3 31. d5 e5 32. Kg3 Ra1 33. Bc2 b4
34. Nd2 Ra2 35. Bxa4 Bxa4 36. Nc4 b3 37. Nxd6 b2 38. Nc4 b1=Q 39. Nxe5 Qxe4 40.
d6 Qxe5+ 41. f4 Ra3+ 42. Kg4 Bd7+ 43. Kh4 Qh5# 0-1

[Event "DVM U12 2011"]
[Site "Arendsee (Altmark) GER"]
[Date "2011.12.30"]
[Round "7"]
[White "Suvorov, Alexander"]
[Black "Vogt, Dennis"]
[Result "1-0"]
[Termination "normal"]
[Board "8.4"]
[WhiteElo "1259"]
[BlackElo "800"]
[WhiteTeam "SG Porz"]
[BlackTeam "SV Oberursel"]
[WhiteFideId "12977063"]
[EventCountry "GER"]
[EventRounds "7"]
[EventType "team-swiss"]
[EventDate "2011.12.26"]

1. e4 e5 2. Nf3 Nc6 3. Bb5 d6 4. d4 Kd7 5. d5 Ke8 6. dxc6 bxc6 7. Bxc6+ Bd7 8.
Bxa8 Qxa8 9. Nc3 Nf6 10. Qe2 Bg4 11. O-O Bxf3 12. Qxf3 Be7 13. Bg5 Qb8 14. Rab1
h6 15. Bxf6 Bxf6 16. Nd5 Bd8 17. Qc3 Kf8 18. f4 exf4 19. Rxf4 Bg5 20. Rf3 Kg8
21. Qxc7 Qxc7 22. Nxc7 Kh7 23. Rxf7 Be3+ 24. Kh1 Kg8 25. Rd7 Bb6 26. Rd8+ Kh7
27. Rxh8+ Kxh8 28. Nd5 Bd4 29. c3 Bc5 30. b4 Bf2 31. Rf1 Bh4 32. g3 Bd8 33.
Rf8+ Kh7 34. Rxd8 Kg6 35. Rxd6+ Kh7 36. e5 Kg8 37. e6 Kf8 38. Rd8# 1-0